Nutrición y salud pública: métodos, bases científicas y aplicaciones

I tiakina i:
Ngā taipitopito rārangi puna kōrero
Ngā kaituhi matua: Serra Majem, Lluís (Author), Aranceta Bartrina, Javier (Author)
Ētahi atu kaituhi: Mataix Verdú, José (autor)
Hōputu: Pukapuka
Reo:Pāniora
I whakaputaina: Barcelona Masson 1995
Putanga:1a. ed
Ngā marau:
Ngā Tūtohu: Tāpirihia he Tūtohu
Kāore He Tūtohu, Me noho koe te mea tuatahi ki te tūtohu i tēnei pūkete!

MARC

LEADER 00000cam a2200000 a 4500
001 UCD7137
003 CL-VaPUC
008 170309e19950000sp |||||||||||||||||spa|d
020 |a 8445802879 
082 0 4 |a 613.2  |b SER  |2 21 
100 0 |a Serra Majem, Lluís  |e author  |9 591067 
700 0 |a Aranceta Bartrina, Javier  |e author  |9 591068 
700 |a Mataix Verdú, José  |e autor  |9 591076 
245 1 0 |a Nutrición y salud pública: métodos, bases científicas y aplicaciones 
250 |a 1a. ed 
300 |a 401 p 
942 |c BK 
945 |d 20170309 22:28:00  |a arojas 
260 |a Barcelona  |b Masson  |c 1995 
650 0 |a Nutrición   |9 259434 
650 7 |a DIETA  |2 CL-VaPUC  |9 334426 
650 0 |a Salud y enfermedad   |9 472061 
650 0 |a Salud pública  |9 258913 
583 |a last modification  |c 20170309 22:28:00  |k Rodrigo Vera 
999 |c 367248  |d 367246